000 00522nam a22001817a 4500
005 20251108164111.0
008 250721s1998 xx 000 0 ara d
082 1 4 _a811.962/جرن
100 1 _aالجرنوسي، خالد
245 1 0 _aمختارات شعرية /
264 1 _aالقاهرة :
_bالهيئة المصرية العامة للكتاب،
_c1998.
300 _a191ص
650 1 7 _aالأدب العربي
650 1 7 _aالشعر العربي
650 1 7 _aمصر
942 _2ddc
_cBK
999 _c3606
_d3606